History Quiz

Random History or Country Quiz

Evolution of Borders Quiz Stats

 Plays Quiz Updated Feb 21, 2020

Support Sporcle.
Go Orange.
Score 0/20 Timer 05:00
0 Plays Today
Border Change Country % Correct
Establish border to add Gibraltar to this country.United Kingdom
89.3%
Move border east to give parts of Luxembourg to this country.Belgium
87.6%
Move border south to give 30,000 square miles south of the Gila River (including the town of Tucson) to this country.United States
83%
Move border south to add Hong Kong to this country.China
79.7%
Move border east to give Brandenburg, East Berlin, Mecklenburg-Vorpommern, Saxony, Saxony-Anhalt, and Thuringia to this country.Germany
78.2%
Remove borders to add ______ Canal Zone to this country.Panama
75.3%
Move border east to give Savoie and Haute-Savoie to this country.Second French Empire
73.8%
Move border north to give Mount Kilimanjaro to this country.German East Africa
70.9%
Move border north of the 38th Parallel to give parts of Gangwon-do to this country.South Korea
67.1%
Move border east to add Western Thrace to this country.Kingdom of Greece
54.6%
Border Change Country % Correct
Move border south to give Northern Schleswig to this country.Denmark
53.9%
Move border north to add Sikkim to this country.India
42.7%
Move border west to add Karelia, Salla, and Petsamo to this country.Soviet Union
32.4%
Move border north to give Chaco Boreal to this country.Paraguay
17.7%
Move border west to add Walvis Bay and Penguin Islands to this country.Namibia
15.8%
Move border south to give Hatay province to this country.Turkey
13.5%
Move border south to add Gwadar to this country.Pakistan
12.4%
Remove border to add Ifni to this country.Morocco
10.8%
Move border north to add the Aouzou Strip to this country.French Equatorial Africa
8.3%
Move border north to give Kionga Triangle to this country.Portuguese East Africa
7.4%

You're not logged in!

Compare scores with friends on all Sporcle quizzes.
OR
Log In

From the Vault

TIME Cover Stories - Authors

by hatefulmissy

These cover stories really stood the test of TIME.
Remove Ads.
Support Sporcle.
Get the best of Sporcle when you Go Orange. This ad-free experience offers more features, more stats, and more fun while also helping to support Sporcle. Thank you for becoming a member.

Show Comments

Extras

Top Quizzes Today


Score Distribution

Your Account Isn't Verified!

In order to create a playlist on Sporcle, you need to verify the email address you used during registration. Go to your Sporcle Settings to finish the process.

Report this User

Report this user for behavior that violates our Community Guidelines.

Details: